000 00621nam a2200253Ia 4500
003 OSt
005 20220912152250.0
006 a|||||r|||| 00| 0
007 ta
008 220909b |||||||| |||| 00| 0 eng d
024 _a55212
037 _cTextual
040 _aCSL
_beng
_cCSL
041 _aeng
082 _aL:573a, L5
100 _aJain D D
245 0 _aReference in nutrition and related subjects India : 1967-1974
260 _c1975
300 _ap.
_ccm.
500 _aGlossary 342-432p
650 _aMedicine
942 _hL:573a, L5
_cTEXL
_2CC
999 _c83275
_d83275